| 000 | 01356cam a2200325 a 4500 | ||
|---|---|---|---|
| 999 |
_c342401 _d342401 |
||
| 001 | 16861380 | ||
| 003 | NUST | ||
| 005 | 20171226110104.0 | ||
| 008 | 110707s2011 ilu 000 1 eng | ||
| 010 | _a 2011026352 | ||
| 020 | _a9781932841626 (pbk.) | ||
| 020 | _a1932841628 (pbk.) | ||
| 020 | _a9781572846876 (ebk.) | ||
| 020 | _a1572846879 (ebk.) | ||
| 035 | _a(OCoLC)ocn701810672 | ||
| 040 |
_aDLC _cDLC _dIG# _dBTCTA _dIEP _dCDX _dYDXCP _dDLC |
||
| 042 | _apcc | ||
| 050 | 0 | 0 |
_aPS3552.E54747 _bC74 2011 |
| 082 | 0 | 0 |
_a813.54 _bBEN |
| 100 | 1 |
_aBennett, O. H. _q(Oscar H.), _d1957- _97576 |
|
| 245 | 1 | 0 |
_aCreatures here below / _cO.H. Bennett. |
| 260 |
_aChicago : _bAgate, _c2011. |
||
| 300 |
_a274 p. ; _c23 cm. |
||
| 500 | _a"An Agate Bolden trade paperback original"--P. [4] of cover. | ||
| 520 | _a"A black teenager and his mother create a makeshift family from their boarding house residents, but the son leaves home to confront his long-absent father"--Provided by publisher. | ||
| 650 | 0 |
_aAfrican American families _vFiction. _97577 |
|
| 655 | 0 |
_aDomestic fiction. _94525 |
|
| 906 |
_a7 _bcbc _corignew _d1 _eecip _f20 _gy-gencatlg |
||
| 942 |
_2ddc _cBK |
||